People's power in Nepal / (Record no. 8221)

MARC details
000 -LEADER
fixed length control field 00627 a2200181 4500
010 ## - LCCN (DPL NO)
LC control number ENG-88363
020 ## - INTERNATIONAL STANDARD BOOK NUMBER
Terms of availability 700.00
International Standard Book Number 8178271540
035 ## - SYSTEM CONTROL NUMBER
System control number EN-71896
037 ## - SOURCE OF ACQUISITION
Source of stock number/acquisition DBAD / PUB
082 00 - DEWEY DECIMAL CLASSIFICATION NUMBER
Classification number 954.61
245 10 - TITLE STATEMENT
Title People's power in Nepal /
Statement of responsibility, etc edited by R.K.Vishwakarma
260 ## - PUBLICATION, DISTRIBUTION, ETC. (IMPRINT)
Place of publication, distribution, etc New Delhi
Name of publisher, distributor, etc Manak Publications
Date of publication, distribution, etc 2006
270 ## - ADDRESS
Address B-7, Saraswati Complex, Subhash Chowk, Laxmi Nagar,
City New Delhi
Postal code 110092
Telephone number 91-11-22453894, 91-11-22042529
Electronic mail address info@manakpublications.com
300 ## - PHYSICAL DESCRIPTION
Extent xxv, 298 p.
Dimensions 23cm (Hb)
500 ## - GENERAL NOTE
General note Includes index
700 1# - ADDED ENTRY--PERSONAL NAME
Personal name Vishwakarma, R. K.
942 ## - ADDED ENTRY ELEMENTS (KOHA)
Institution code [OBSOLETE] dpl
Item type English Books
Source of classification or shelving scheme Dewey Decimal Classification
Classification part 954.61
Call number suffix VIS
Holdings
Withdrawn status Lost status Not for loan Collection code Home library Current library Source of acquisition Cost, normal purchase price Full call number Barcode Copy number Cost, replacement price Koha item type
    Not For Loan Non-fiction D.B.Act.Division D.B.Act.Division DBAD/PUB 700.00 954.61 VIS EN-71896 1 700.00 English Books

© Delhi Public Library
Hit Counter
free hit counter